header

Locust control handbook (Record no. 258844)

MARC details
000 -LEADER
fixed length control field 00490nam a22001817a 4500
003 - CONTROL NUMBER IDENTIFIER
control field OSt
005 - DATE AND TIME OF LATEST TRANSACTION
control field 20200717112706.0
008 - FIXED-LENGTH DATA ELEMENTS--GENERAL INFORMATION
fixed length control field 200717b xxu||||| |||| 00| 0 eng d
020 ## - INTERNATIONAL STANDARD BOOK NUMBER
International Standard Book Number 9782759208647
040 ## - CATALOGING SOURCE
Original cataloging agency RU
Transcribing agency n/a
050 ## - LIBRARY OF CONGRESS CALL NUMBER
Classification number SB945
Item number .L7 R33 2010
100 ## - MAIN ENTRY--PERSONAL NAME
Personal name Rachadi, Tahar
245 ## - TITLE STATEMENT
Title Locust control handbook
Statement of responsibility, etc Tahar Rachadi.
260 ## - PUBLICATION, DISTRIBUTION, ETC. (IMPRINT)
Place of publication, distribution, etc France
Name of publisher, distributor, etc CTA
Date of publication, distribution, etc 2010
300 ## - PHYSICAL DESCRIPTION
Extent 167p
Other physical details color illustrations.
650 ## - SUBJECT ADDED ENTRY--TOPICAL TERM
Topical term or geographic name as entry element Locust
Form subdivision Handbook, manuals etc
General subdivision control
942 ## - ADDED ENTRY ELEMENTS (KOHA)
Source of classification or shelving scheme Library of Congress Classification
Koha item type Long Loan Books
Holdings
Withdrawn status Lost status Source of classification or shelving scheme Damaged status Not for loan Home library Current library Date acquired Total Checkouts Full call number Barcode Date last seen Price effective from Koha item type
    Library of Congress Classification     Rongo University Library Rongo University Library 17/07/2020   SB945 .L7 R33 2010 20092248 17/07/2020 17/07/2020 Long Loan Books

© 2026 Rongo University
Contact us: librarian | system librarian | Rongo university